00818nam a2200229Ii 45000010005000000030009000050080041000140200015000550400033000700410008001030820017001111000029001282450067001572640060002243000012002843360026002963370028003223380027003509400050003779990017004279520144004441514CO-ViMGA241108s9999||||xx |||||||||||||| ||und|| a8427219229 aCO-ViMGAbspaerdacCO-ViMGA0 aspa04aR 750.9 M31m1 aLucy Micklethwait94967010aMi primer libro de arte :bfamosas pinturas, primeras palabras 1a[Lugar de publicación no identificado] : Molino, 1999 avolumen atextbtxt2rdacontent aunmediatedbn2rdamedia avolumebnc2rdacarrier aidficha_siabuc: 1483. -- ficha_no_siabuc:1514 c44347d44347 001040708014aMEVIGERRbMEVIGERRcREFd2004-08-26hVol.1oR 750.9 M31mpECA16261r2024-11-26 09:17:21tEj.1w2024-11-26yBKz1483 | 1761